<?xml version="1.0" encoding="UTF-8"?>
<marc:record xmlns:marc="http://www.loc.gov/MARC21/slim">
   <marc:leader>00000nam a2200000 a 4500</marc:leader>
   <marc:datafield ind1="1" ind2=" " tag="100">
      <marc:subfield code="a">Mirow, Benedict</marc:subfield>
      <marc:subfield code="4">aut</marc:subfield>
      <marc:subfield code="e">Verfasser/-in</marc:subfield>
   </marc:datafield>
   <marc:datafield ind1="0" ind2="0" tag="245">
      <marc:subfield code="a">Angriff der Dämonen</marc:subfield>
   </marc:datafield>
   <marc:datafield ind1=" " ind2="1" tag="264">
      <marc:subfield code="b">Thienemann</marc:subfield>
      <marc:subfield code="c">2023</marc:subfield>
   </marc:datafield>
   <marc:datafield ind1="1" ind2=" " tag="490">
      <marc:subfield code="a">Der Druide von Mistle End</marc:subfield>
   </marc:datafield>
   <marc:datafield ind1="1" ind2=" " tag="520">
      <marc:subfield code="a">Komm zurück in die magische Welt von Mistle End! Im letzten Band der "Chroniken von Mistle End" hat Cedrik endlich das Geheimnis seiner Druidenkräfte gelüftet und ist nun "Der Druide von Mistle End". Dieser Band lässt sich unabhängig von den Vorgängerbänden lesen. 

Erst vor wenigen Wochen haben Cedrik und seine Freunde Mistle End vor dem sicheren Untergang bewahrt. Und nun entpuppt sich ein harmloser Ausflug nach Edinburgh als gefährliches Abenteuer. Was mit der verzweifelten Suche nach entführten Elfen beginnt, führt den jungen Druiden und seine Freunde in eine unterirdische Welt, in der dunkle Mächte einen finsteren Plan schmieden. Zwar sind Cedriks Kräfte weiter gewachsen, doch kann er sich diesen Dämonen wirklich in den Weg stellen? Als ein Ereignis, das so widernatürlich scheint, dass es eigentlich nicht sein dürfte, die Ordnung der Welt auf den Kopf stellt, müssen Cedrik, Emily und Elliot beweisen, wie viel Mut und Tapferkeit in ihnen stecken. </marc:subfield>
   </marc:datafield>
   <marc:datafield ind1=" " ind2=" " tag="020">
      <marc:subfield code="a">9783522186087</marc:subfield>
      <marc:subfield code="9">9783522186087</marc:subfield>
   </marc:datafield>
</marc:record>
